Nar (Record no. 402)

000 -LEADER
fixed length control field 00443nam a22001697a 4500
008 - FIXED-LENGTH DATA ELEMENTS--GENERAL INFORMATION
fixed length control field 170612b xxu||||| |||| 00| p tur d
020 ## - INTERNATIONAL STANDARD BOOK NUMBER
International Standard Book Number 9754186138
041 ## - LANGUAGE CODE
Language code of text/sound track or separate title Türkçe
050 ## - LIBRARY OF CONGRESS CALL NUMBER
Classification number PL248.E6878
100 ## - MAIN ENTRY--PERSONAL NAME
Personal name Ergülen, Haydar
9 (RLIN) 222
245 ## - TITLE STATEMENT
Title Nar
Remainder of title Toplu Şiirler 1
Statement of responsibility, etc. Haydar Ergülen
250 ## - EDITION STATEMENT
Edition statement 1. baskı
260 ## - PUBLICATION, DISTRIBUTION, ETC.
Place of publication, distribution, etc. İstanbul
Name of publisher, distributor, etc. Adam Yayınları
Date of publication, distribution, etc. Mayıs 2000
300 ## - PHYSICAL DESCRIPTION
Extent 238 sayfa
650 #0 - SUBJECT ADDED ENTRY--TOPICAL TERM
9 (RLIN) 145
Topical term or geographic name entry element Türk Edebiyatı
942 ## - ADDED ENTRY ELEMENTS (KOHA)
Source of classification or shelving scheme
Koha item type Books
Holdings
Withdrawn status Lost status Source of classification or shelving scheme Damaged status Not for loan Permanent Location Current Location Shelving location Date acquired Full call number Barcode Date last seen Price effective from Koha item type
        Ödünç verilemez İmren Ahmet Tüzün Kütüphanesi İmren Ahmet Tüzün Kütüphanesi Ahmet Tüzün 2017-06-20 PL248.E6878 100100000396 2017-06-20 2017-06-20 Books

This software was implemented, installed and managed by Devinim Software Training Consulting .